000 00235nam a2200097Ia 4500
001 1212583
005 20250827024457.0
008 250824s9999 xx 000 0 und d
245 0 _aYÜZLEŞME
_cUĞUR KOŞAR
260 _bDESTEK YAYINLARI
999 _c1212583
_d1212583